[Event "4MCRV_F"]
[Site "?"]
[Date "2004.??.??"]
[Round "?"]
[White "Vozda, Jindrich"]
[Black "Sykora, Josef"]
[Result "1-0"]
[WhiteElo "2494"]
[BlackElo "2391"]
[PlyCount "59"]
[EventDate "2004.??.??"]
[EventType "corr"]
[SourceDate "2004.06.03"]

1. e4 c6 2. d4 d5 3. exd5 cxd5 4. c4 Nf6 5. Nc3 e6 6. Nf3 Be7 7. cxd5 Nxd5 8.
Bd3 Nc6 9. O-O O-O 10. Re1 Nf6 11. a3 b6 12. Bb1 Bb7 13. Qd3 g6 14. Ba2 Re8 15.
Bh6 Bf8 16. Bg5 Bg7 17. d5 Qd7 18. d6 h6 19. Bxf6 Bxf6 20. Rad1 Bg7 21. Bc4
Red8 22. h4 a6 23. Ba2 Rab8 24. h5 g5 25. Ne4 Kf8 26. Nfxg5 hxg5 27. Nxg5 Ne5
28. Qg3 Qc6 29. h6 Bh8 30. Rxe5 1-0

[Event "4MCRV_F"]
[Site "?"]
[Date "2004.??.??"]
[Round "?"]
[White "Vozda, Jindrich"]
[Black "Vondracek, Emil"]
[Result "1-0"]
[WhiteElo "2494"]
[BlackElo "2286"]
[PlyCount "104"]
[EventDate "2004.??.??"]
[EventType "corr"]
[SourceDate "2004.06.03"]

1. e4 e5 2. Nf3 Nc6 3. Bb5 a6 4. Ba4 Nf6 5. O-O b5 6. Bb3 Bb7 7. d3 Be7 8. Re1
O-O 9. a4 d6 10. Nbd2 Nd7 11. Nf1 Nc5 12. axb5 axb5 13. Rxa8 Bxa8 14. Ba2 Bb7
15. c3 Qa8 16. Bd5 b4 17. Ng3 bxc3 18. bxc3 Qa6 19. Nf5 Bc8 20. Bc4 Qa5 21.
Nxe7+ Nxe7 22. d4 Ba6 23. Bxa6 Nxa6 24. Bd2 Qb5 25. Qc2 Ng6 26. h4 h5 27. Be3
Qc4 28. Nd2 Qb5 29. g3 Rb8 30. Ra1 exd4 31. cxd4 c6 32. Rb1 Nb4 33. Qc3 Qa4 34.
Nc4 d5 35. Nd6 Nf8 36. Nf5 Ng6 37. Bh6 Rb5 38. Ra1 Qc2 39. Ra8+ Kh7 40. Qf3 Nd3
41. Be3 Rb1+ 42. Kh2 Qd1 43. Qxd1 Rxd1 44. Ra7 Kg8 45. e5 Ndxe5 46. dxe5 Nxe5
47. Kg2 Re1 48. Rc7 Kh7 49. Re7 Ng4 50. Rxf7 Kg6 51. Rf8 Kh7 52. Bd4 Rc1 1-0